00985nam a2200301 i 450000500170000000700030001700800410002002000180006104000350007904100080011404300120012208200220013410000440015624500690020025000220026926400330029130000250032433600270034933700330037633800280040950400270043752100520046465000110051665100290052765100450055665100420060170000400064320220317001850.0ta170410s2010 ck gr 000 0 spa d a9789588427379 aCO-BoRNBPbspaerdacCO-BoRNBP0 aspa as-ck---04a986.103bA72m2231 aAtehortúa Cruz, Adolfo León,eautor10a1810 ni revolución ni nacióncAdolfo León Atehortúa Cruz aPrimera edición 1aMedellínbLa Carretac2010 a112 páginasc21 cm atextobtxt2rdacontent asin mediaciónbn2rdamedia avolumenbnc2rdacarrier aIncluye bibliografía aIncluye datos biográficos del autor en solapa 2ARMARC 4aColombiaxHistoriay1810 4aColombiaxCondiciones económicasy1810 4aColombiavPolítica y gobiernoy1810 1aHurtado Orozco, César A.,eeditor